Score 0/26 Timer 03:00
0 Plays Today
Clue 4-Letter Word % Correct
Fired a gun*SHOT*
98.6%
Chimney dustSOOT
94.3%
Pretzel topper*SALT*
92.6%
Citrus fruit*LIME*
92.3%
AlikeSAME
92.1%
Apple remnantCORE
90.7%
Red-tag eventSALE
90%
It's on the watch?*TIME*
89.7%
AlphabetizeSORT
89.3%
New York or Moscow, e.g.CITY
89.2%
Cartoon explorer girlDORA
89.1%
Kind of duck or jokeLAME
87.1%
Beer ingredientMALT
85.5%
Clue 4-Letter Word % Correct
Africa's ___ d'IvoireCÔTE
85.3%
Fish in 'Finding Nemo'DORY
84.9%
Make a referenceCITE
84.5%
Late actor Monteith of 'Glee'CORY
83.3%
Feeling of sorrowPITY
82.9%
Pocket breadPITA
80.7%
Actress Hayworth*RITA*
78.8%
Mr. Goldman on 'Family Guy'MORT
77.3%
ShedMOLT
75.4%
Heavy bookTOME
73.5%
Duffer's cryFORE
53.5%
Ancient Roman public squares*FORA*
53.3%
RentTORE
50.8%

Today's Daily Dose

Remove Ads.
Support Sporcle.
Get the best of Sporcle when you Go Orange. This ad-free experience offers more features, more stats, and more fun while also helping to support Sporcle. Thank you for becoming a member.

You're not logged in!

Compare scores with friends on all Sporcle quizzes.
OR
Log In

Show Comments

Extras

Top Quizzes Today


Score Distribution

Your Account Isn't Verified!

In order to create a playlist on Sporcle, you need to verify the email address you used during registration. Go to your Sporcle Settings to finish the process.

Report this User

Report this user for behavior that violates our Community Guidelines.

Details: